00479cam a22001692 4500001001100000005001700011008004100028020002700069040001500096050002100111100003700132245005900169250001200228260003000240300001400270650002500284000000739020151217145837.0080122s xx 000 0 eng d a0321287266 :cKES 5535 aKABUcKABU 0aHG173b.M57 20071 aMishkin, Frederic S.@000015243214aThe Economics of money, banking and financial markets. a8th ed. aLondon :bPearson,c2007. axli, 660. 0aFinance.@0000148330